000
00268nam a22001097a 4500
008
140529t xxu||||| |||| 00| 0 eng d
020
_a
81-239-0478-9
100
_a
Percy J. Russell
_9
910
245
_a
The Nutrition and health dictionary
300
_a
520
942
_2
ddc
_c
BK
999
_c
17148
_d
17148